The binding of isaac : Vrai ou faux extrême - Statistiques

Statistiques générales
  • Ce quiz a été pris 230 fois
  • Le résultat moyen est 11 sur 20
Statistiques - réponses
Question Réponse % Correct
Mom est le boss final du jeu. Faux
94%
The bloat a tellement fait rager les gens qu'un subreddit avec plus de 13k membres s'est créé avec comme seul but d'insulter la chose. Vrai
82%
Après avoir été débloqués, les planétariums ont toujours, au minimum, 1% de chance d'apparaitre dans les chapitres 1, 2 et 3. Vrai
80%
Si Magdalene tient le trinket Maggy's faith elle peut voler avec des ailes d'anges. Faux
77%
L'item dataminer a été crée car Edmund avait la haine contre les méchants dataminers qui venaient chercher des secrets dans son code. Vrai
75%
Dark esau pouvait être tué au début de repentance avant que cela ne soit patch dans une maj ultérieure. Vrai
74%
Le fire rate n'est pas la même chose que le tear delay. Vrai
68%
Tainted lost a 20% de chance de reroll automatiquement les items de qualité 2 ou moins. Vrai
49%
Le trinket fragmented card peut faire apparaitre une secret room, une super secret room ou une ultra secret room en plus à chaque étage. Faux
48%
Les arcades ne peuvent apparaitre que si Isaac a 5 pièces ou plus. Vrai
48%
Spirit sword a une synergie avec technology zero qui la fait devenir un sabre laser bleu. Faux
47%
Wheel of fortune a une très petite chance de faire apparaitre un crane game après utilisation une fois ceux-ci débloqués. Faux
47%
L'effet de brulure fait plus de dégâts par seconde que celui de poison. Faux
43%
L'easter egg "N1NT3ND0" rend l'effet de l'item the gamekid permanant pour la run. Faux
43%
Great Gideon est le seul boss pouvant apparaitre à Mines et à Ashpit. Vrai
43%
Curse of the Giant est une malédiction inutilisée qui fusionne les rooms 1x1 entre elles pour ne laisser que des rooms 2x2, 1x2 ou 2x1. Vrai
42%
L'easter egg "N0W1KN0W" permet de désactiver curse of the blind pour toute la run. Faux
37%
La creep verte laissée derrière Isaac par la transformation Bob scale avec les dégâts de ce dernier. Faux
26%
Quand abaddon est pris, il converti tous les cœurs rouges et les cœurs d'os en cœurs noirs et donne 2 cœurs noirs supplémentaires. Faux
25%
Sans le trinket black feather, les "evil up" ne servent à rien. Vrai
25%
Aucun quiz correspondant
Distribution des résultats
% des personnes avec chaque résultat
Percentile par nombre de réponses
Votre historique - résultats
Vous n’avez pas pris ce quiz